000 00923nam a22003017a 4500
001 BR8105275
003 BR-BrBNA
005 20230928091032.0
007 ta
008 230509b bl.||||| |||| 00| 0 por d
040 _aBR-BrBNA
_bpor
_cBiblioteca Nacional de Agricultura
041 _a(Por)
072 _aE70; E15
_b/G514
090 _ E70 BR8105275
100 1 _aSantos Filho, P.R. dos (ed.)
110 1 _aSecretaria da Agricultura e Abastecimento do Estado de Sao Paulo, Sao Paulo (Brasil). Depto. de Cooperativismo
_98282
245 1 _aSinopse de cooperativismo agricola no estado de Sao Paulo 1977 a 1979 [Brasil]
_bv. 2
260 3 _aSao Paulo, SP (Brasil):
_c1981.
300 _a64 p.
500 _aNumerical data
650 _aCOOPERATIVA
650 _aCOMPRA
650 _aVENDA
650 _aESTATISTICA COMERCIAL
650 _aSAO PAULO
909 _a202309
_bLucia
_c55
_dLucia Elande
942 _cBK
999 _c31875
_d31875